Cuentos y relatos escogidos de Fernando Durán Ayanegui /
Uloženo v:
| Hlavní autor: | |
|---|---|
| Další autoři: | |
| Médium: | Kniha |
| Jazyk: | Spanish |
| Vydáno: |
San José, Costa Rica:
Editorial Costa Rica,
2004.
|
| Témata: | |
| Tagy: |
Přidat tag
Žádné tagy, Buďte první, kdo vytvoří štítek k tomuto záznamu!
|
MARC
| LEADER | 00000nam a22000007a 4500 | ||
|---|---|---|---|
| 008 | 150505s2004 cr |r|||| 000 0dspa d | ||
| 040 | |a CRU CIICLA | ||
| 041 | |a spa | ||
| 082 | |a CR863.4 |b D948ce | ||
| 100 | 1 | |a Durán Ayanegui, Fernando |d 1939- | |
| 245 | 1 | 0 | |a Cuentos y relatos escogidos de Fernando Durán Ayanegui / |c Fernando Durán Ayanegui ; Jézer González Picado, compilador |
| 260 | |a San José, Costa Rica: |b Editorial Costa Rica, |c 2004. | ||
| 300 | |a 274 páginas | ||
| 505 | |t Introducción a la narrativa de Durán Ayanegui / Jezer González | ||
| 505 | |t Mi rubicón -- Zapatos -- Dos reales -- El último que se duerma que apague la luz -- Regreso del profesor -- Un buen padre de familia -- El otoño verde y rojo -- Salgamos al campo -- Descontaminación -- Y yo jamás veré a Marsella - Diga que me vio aquí -- El viaje de la familia Hueco -- El puntito curioso -- Sinfonieta onírica -- Marcha etrusca -- Retorno al Kilimanjaro -- El fin de la historia -- El ojo de tioleonte -- El mejor ampaya del mundo -- La muerte de la Nona Zoila -- El benefactor -- Sueño de un labriego -- Pensemos en los burgueses -- El necrófrafo. | ||
| 650 | 7 | |9 76 |a LITERATURA COSTARRICENSE |v CUENTOS | |
| 700 | 1 | |a González Picado, Jézer |e compilador | |
| 942 | |2 ddc |c BK | ||
| 999 | |c 4072 |d 4072 | ||
